000 00450nam a22001817a 4500
003 MPLRDC
005 20220104142437.0
008 210129b ||||| |||| 00| 0 eng d
020 _a978-7-5527-0049-7
082 _a191 SDJKB
100 _a索达吉堪布
245 _a做才是得到
_c
250 _a一版一刷
260 _a中国
_b甘肃人民美术出版社
_c2012
300 _b270
650 _a人生哲学
942 _cBK
_o191 SDJKB
999 _c30956
_d30946